Exploring maths 5 : (Record no. 12825)
[ view plain ]
| 000 -LEADER | |
|---|---|
| fixed length control field | 00821nam a2200253 a 4500 |
| 005 - DATE AND TIME OF LATEST TRANSACTION | |
| control field | 20140310182410.0 |
| 008 - FIXED-LENGTH DATA ELEMENTS--GENERAL INFORMATION | |
| fixed length control field | 130711s19uu xx 00 eng d |
| 020 ## - INTERNATIONAL STANDARD BOOK NUMBER | |
| International Standard Book Number | 9781405844185 |
| 100 ## - MAIN ENTRY--PERSONAL NAME | |
| Personal name | Straker, Anita |
| 245 ## - TITLE STATEMENT | |
| Title | Exploring maths 5 : |
| Remainder of title | class book / |
| Statement of responsibility, etc | Anita Straker. |
| 260 ## - PUBLICATION, DISTRIBUTION, ETC. (IMPRINT) | |
| Place of publication, distribution, etc | Great Britain, Scotprint : |
| Name of publisher, distributor, etc | Pearson Longman, |
| Date of publication, distribution, etc | c2008. |
| 300 ## - PHYSICAL DESCRIPTION | |
| Extent | 385 |
| 500 ## - GENERAL NOTE | |
| General note | Includes index and bibliographies |
| 520 ## - SUMMARY, ETC. | |
| Summary, etc | its about the powers and roots, functions and graph, equations and formula, 2D and 3D shapes, |
| 650 ## - SUBJECT ADDED ENTRY--TOPICAL TERM | |
| Topical term or geographic name as entry element | Fractions |
| General subdivision | mathematics |
| 650 ## - SUBJECT ADDED ENTRY--TOPICAL TERM | |
| Topical term or geographic name as entry element | Probabilities |
| General subdivision | mathematics |
| 650 ## - SUBJECT ADDED ENTRY--TOPICAL TERM | |
| Topical term or geographic name as entry element | Measurements |
| General subdivision | mathematics |
| 650 ## - SUBJECT ADDED ENTRY--TOPICAL TERM | |
| Topical term or geographic name as entry element | Equations |
| General subdivision | mathematics |
| 700 ## - ADDED ENTRY--PERSONAL NAME | |
| Personal name | Fisher, Tony |
| 700 ## - ADDED ENTRY--PERSONAL NAME | |
| Personal name | Hyde, Rosalyn |
| 700 ## - ADDED ENTRY--PERSONAL NAME | |
| Personal name | Jennings, Sue |
| 700 ## - ADDED ENTRY--PERSONAL NAME | |
| Personal name | Longstaffe, Jonathan |
| 942 ## - ADDED ENTRY ELEMENTS (KOHA) | |
| Koha item type | Books |
| Withdrawn status | Lost status | Damaged status | Home library | Current library | Shelving location | Date acquired | Source of acquisition | Cost, normal purchase price | Total Checkouts | Full call number | Barcode | Date last seen | Price effective from | Koha item type |
|---|---|---|---|---|---|---|---|---|---|---|---|---|---|---|
| Luxembourg Library | Luxembourg Library | Teachers Reference Section | 07/11/2013 | 912.94 | QA 11.D659 St896c 2008 | 19526 | 06/03/2014 | 10/10/2013 | Books |